Racial discrimination and ethnicity in european history

שמור ב:
מידע ביבליוגרפי
מחבר ראשי: Hálfdanarson, Guomundur (Author)
פורמט: ספר
שפה:אנגלית
יצא לאור: Pisa Plus 2003
Pisa Università di Pisa 2003
סדרה:Clioh's Workshop II, 7
נושאים:
תגים: הוספת תג
אין תגיות, היה/י הראשונ/ה לתייג את הרשומה!

MARC

LEADER 00000nam a2200000 a 4500
001 UCL9913
003 CL-VaPUC
008 040903e20030000it |||||||||||||||||eng|d
020 |a 8884922801 
082 0 4 |a 323.1  |b HAL  |2 21 
100 0 |a Hálfdanarson, Guomundur  |e author  |9 487831 
245 1 0 |a Racial discrimination and ethnicity in european history 
300 |a 267 p 
942 |c BK 
945 |d 20040903 00:00:00  |a cmena 
260 |a Pisa  |b Plus  |c 2003 
260 |a Pisa  |b Università di Pisa  |c 2003 
650 0 |a Discriminación racial  |9 257054 
650 0 |a Judaísmo  |9 269348 
650 0 |a Imperialismo  |9 258264 
650 0 |a Fascismo  |9 255687 
650 0 |a Creencia Religiosa  |9 316904 
650 0 |a Sociolingüística  |9 263716 
651 0 |a Europa  |9 255156 
583 |a last modification  |c 20171205 10:57:25  |k Rodrigo Vera 
490 0 |a Clioh's Workshop II, 7 
999 |c 310529  |d 310527 
952 |0 0  |1 0  |4 0  |6 323_100000000000000_HAL_2003_2003  |7 0  |8 A  |9 379109  |a BIBHIS  |b BIBHIS  |d 2019-11-21  |i 4056000  |o 323.1 HAL 2003 2003  |p 4056000  |r 2025-01-20  |w 2019-11-21  |y BK  |k HIS